| 000 | 01444nam0a2200349 i 4500 | ||
|---|---|---|---|
| 001 | RU\NLR\bibl\1923280 | ||
| 005 | 20240921123102.0 | ||
| 010 |
_a9785699569984 _97000 |
||
| 021 |
_aRU _b2012-45690 _9275д/12 |
||
| 035 | _a(nilc)LIBNET\0000284118 | ||
| 035 | _a(NLR Aleph) 001912715 | ||
| 090 |
_a3198358 _c3198358 |
||
| 100 | _a20121022d2012 u y0rusy50 ca | ||
| 101 | 0 | _arus | |
| 102 | _aRU | ||
| 105 | _aa ||||||||| | ||
| 200 | 1 | _aДомашняя колбаса, буженина и другие копченые и соленые блюда | |
| 210 |
_aМосква _cЭксмо _d2012 |
||
| 215 |
_a126, [2] с. _cил. _d20 |
||
| 225 | 1 | _aМоя кулинарная библиотечка | |
| 300 | _aНа обороте тит.л. в макекте сер.: Кулинария. Моя кулинарная библиотека | ||
| 606 | 1 |
_aПищевые продукты _xПосол _92183851 _3RU\NLR\auth\661313087 |
|
| 606 | 1 |
_aПищевые продукты _xКопчение _91363226 _3RU\NLR\auth\66570529 |
|
| 606 | 1 |
_aПищевые продукты _xТепловая обработка _91070172 _3RU\NLR\auth\6698172 |
|
| 686 |
_a36.997 _vLBC/RL _2rubbk |
||
| 686 | _aЛ997 | ||
| 801 | 0 |
_aRU _bВладимирская ОУНБ _c20121022 _grcr |
|
| 801 | 1 |
_aRU _bВладимирская ОУНБ _c20121022 _grcr _2rusmarc |
|
| 801 | 2 |
_aRU _bNLR _c20120711 _grcr |
|
| 942 | _cBOOK | ||
| 980 | _aNBR | ||